00810nam a2200241Ia 4500001000700000003000500007005001700012008004100029010001100070020001800081040000900099082002100108110007900129245010700208260003100315300001100346500004300357503000800400650003300408650003100441650002700472700006900499dia_53CHAP20221206135934.0220117s1997 xx 000 0 und d a170486 a970-13-1410-7 cCHAP a338.972 C83 1997 aMéxico. Instituto Nacional de Estadística, Geografía e Informática aCuaderno estadístico municipal /c Instituto Nacional de Estadística, Geografía e Informática aMéxico :b INEGI,c1997 a133 p. aLa bilblioteca tiene: Tab., Ver., Zac. aC/e a1.Condiciones económicas  aAgriculturaxEstadística aCondiciones sociales  aInstituto Nacional de Estadística, Geografía e Informática